000 00609nam a22001937a 4500
999 _c12360
_d12360
003 AR-CdUCM
008 190408b ||||| |||| 00| 0 spa d
040 _aMUNICIPALIDAD PROVINCIAL DEL CUSCO
_cBIBLIOTECA MUNICIPAL DEL CUSCO
082 _aC / 333.985 /
_bR34
100 _aRevolución Tupac Amaru
_930183
245 _aReforma agraria :
_btexto único concordado /
260 _aLima:
_bTupac Amaru,
_c1970.
300 _a94 páginas ;
_c17 cm.
650 _aReforma.
_94889
650 _aReforma de tierras.
_930184
650 _aReforma agraria.
_91861
942 _2ddc
_cLIBROS
945 _awfj
_d2019-04-08